[Event "Izmailov Memorial op 10th"]
[Site "Tomsk"]
[Date "2006.07.19"]
[Round "8"]
[White "Nikolaeva, Alexandra G"]
[Black "Kolomytchenko, Igor Aleksandrovich"]
[Result "1-0"]
[WhiteElo "2055"]
[BlackElo "2079"]
[PlyCount "102"]
[EventDate "2006.07.12"]
[EventType "swiss"]
[EventRounds "9"]
[EventCountry "RUS"]
[SourceTitle "EXT 2008"]
[Source "ChessBase"]
[SourceDate "2007.11.25"]
[SourceVersion "1"]
[SourceVersionDate "2007.11.25"]
[SourceQuality "1"]

1. e4 d6 2. d4 Nf6 3. Nc3 g6 4. Nf3 Bg7 5. Bc4 0-0 6. h3 c6 7. Bb3 b5 8. e5 dxe5 9. Nxe5 a6 10. Be3 Nd5 11. Nxd5 cxd5 12. Qd2 f6 13. Nf3 Nc6 14. c3 Be6 15. 0-0 Qd7 16. Rae1 Rad8 17. Re2 Bf7 18. Bh6 Rfe8 19. Rfe1 e6 20. Bc2 Ne7 21. Bf4 Nc6 22. Bb1 Kh8 23. h4 Bf8 24. g3 Bd6 25. Kg2 Bxf4 26. Qxf4 Kg7 27. g4 Qd6 28. Qg3 Qxg3+ 29. Kxg3 h6 30. Bd3 Na5 31. a4 Nc4 32. b3 Nd6 33. Rc2 Rc8 34. g5 hxg5 35. hxg5 bxa4 36. gxf6+ Kxf6 37. bxa4 Nc4 38. Ne5 a5 39. Bxc4 dxc4 40. Rb2 Re7 41. Rb5 Ra7 42. Nxf7 Kxf7 43. Ree5 Rca8 44. Rec5 Kf6 45. Rxc4 Rh7 46. Rcc5 Rah8 47. Rb6 Rh2 48. Kf3 Rh1 49. Rcc6 R8h3+ 50. Ke2 Ra1 51. Rxe6+ Kf5 1-0

[Event "Izmailov Memorial op 10th"]
[Site "Tomsk"]
[Date "2006.07.18"]
[Round "7"]
[White "Bulekpayev, Mirzat"]
[Black "Nikolaeva, Alexandra G"]
[Result "0-1"]
[WhiteElo "2056"]
[BlackElo "2055"]
[PlyCount "60"]
[EventDate "2006.07.12"]
[EventType "swiss"]
[EventRounds "9"]
[EventCountry "RUS"]
[SourceTitle "EXT 2008"]
[Source "ChessBase"]
[SourceDate "2007.11.25"]
[SourceVersion "1"]
[SourceVersionDate "2007.11.25"]
[SourceQuality "1"]

1. d4 d5 2. c4 dxc4 3. e3 e5 4. Bxc4 exd4 5. exd4 Bb4+ 6. Nc3 c6 7. Qb3 Qe7+ 8. Nge2 a5 9. a4 Nf6 10. 0-0 0-0 11. Bg5 Bf5 12. Ng3 Bg6 13. Rfe1 Qd6 14. Rad1 h6 15. Bc1 Nbd7 16. f4 Nb6 17. f5 Bh7 18. Rf1 Nxc4 19. Qxc4 Qd7 20. Bf4 Rad8 21. Na2 Bd6 22. Bxd6 Qxd6 23. Nc3 Rfe8 24. Rf3 Ng4 25. Qd3 c5 26. h3 Nf6 27. Nb5 Qb6 28. Ne2 Rd7 29. Qb1 Rxe2 30. Kf1 Re8 0-1

[Event "Izmailov Memorial op 10th"]
[Site "Tomsk"]
[Date "2006.07.14"]
[Round "3"]
[White "Nikolaeva, Alexandra G"]
[Black "Timofeeva, Ekaterina"]
[Result "1-0"]
[WhiteElo "2055"]
[BlackElo "2246"]
[PlyCount "49"]
[EventDate "2006.07.12"]
[EventType "swiss"]
[EventRounds "9"]
[EventCountry "RUS"]
[SourceTitle "EXT 2008"]
[Source "ChessBase"]
[SourceDate "2007.11.25"]
[SourceVersion "1"]
[SourceVersionDate "2007.11.25"]
[SourceQuality "1"]

1. e4 d6 2. d4 Nf6 3. Nc3 e5 4. Nf3 Nbd7 5. Bc4 Be7 6. 0-0 0-0 7. a4 b6 8. Qe2 c6 9. Ba2 Bb7 10. Rd1 Qc7 11. dxe5 dxe5 12. Nh4 Bb4 13. Nf5 a5 14. Bg5 h6 15. Bh4 Kh7 16. Qf3 Ne8 17. Nxh6 Ndf6 18. Nf5 Bc8 19. Bg5 Rh8 20. Rd3 Kg8 21. Rad1 Ba6 22. R3d2 Bxc3 23. bxc3 c5 24. Bxf6 Nxf6 25. Rd7 1-0

[Event "Izmailov Memorial op 10th"]
[Site "Tomsk"]
[Date "2006.07.12"]
[Round "1"]
[White "Demianjuk, Alexander"]
[Black "Nikolaeva, Alexandra G"]
[Result "1-0"]
[WhiteElo "2365"]
[BlackElo "2055"]
[PlyCount "83"]
[EventDate "2006.07.12"]
[EventType "swiss"]
[EventRounds "9"]
[EventCountry "RUS"]
[SourceTitle "EXT 2008"]
[Source "ChessBase"]
[SourceDate "2007.11.25"]
[SourceVersion "1"]
[SourceVersionDate "2007.11.25"]
[SourceQuality "1"]

1. e4 e6 2. d4 d5 3. Nd2 Nf6 4. e5 Nfd7 5. Bd3 c5 6. c3 Nc6 7. Ne2 cxd4 8. cxd4 Qb6 9. Nf3 f6 10. exf6 Nxf6 11. 0-0 Bd6 12. Nc3 Bd7 13. a3 0-0 14. Be3 Rae8 15. h3 Re7 16. Re1 Be8 17. Ne5 Qd8 18. Ng4 Kh8 19. Nxf6 gxf6 20. Qf3 Bg6 21. Bxg6 hxg6 22. Rad1 Kg7 23. h4 Rh8 24. g3 Rh5 25. Kg2 Re8 26. Rh1 Reh8 27. Qg4 Kf7 28. Bf4 Na5 29. Rde1 Qd7 30. Ne2 Re8 31. Qf3 Kg7 32. Bxd6 Qxd6 33. Nf4 Rf5 34. Qg4 Rxf4 35. gxf4 f5 36. Qg5 Qe7 37. h5 Qxg5+ 38. fxg5 Nc6 39. hxg6 Nxd4 40. f4 Kxg6 41. Rh6+ Kg7 42. Reh1 1-0

[Event "RUS-chT (Women) 7th"]
[Site "Sochi"]
[Date "2006.04.30"]
[Round "11"]
[White "Nikolaeva, Alexandra G"]
[Black "Lupik, Marina"]
[Result "0-1"]
[WhiteElo "2020"]
[BlackElo "2204"]
[PlyCount "76"]
[EventDate "2006.04.20"]
[EventType "team"]
[EventRounds "11"]
[EventCountry "RUS"]
[SourceTitle "EXT 2007"]
[Source "ChessBase"]
[SourceDate "2006.11.23"]
[SourceVersion "1"]
[SourceVersionDate "2006.11.23"]
[SourceQuality "1"]

1. e4 c5 2. Nc3 d6 3. g3 Nc6 4. Bg2 g6 5. d3 Bg7 6. Be3 e5 7. Qd2 Nd4 8. Nce2 Ne7 9. c3 Nxe2 10. Nxe2 0-0 11. Bh6 Be6 12. c4 Qd7 13. h4 Bxh6 14. Qxh6 f6 15. Qd2 b5 16. b3 Rab8 17. h5 g5 18. f4 h6 19. f5 Bf7 20. g4 Nc6 21. Kf2 Rb7 22. Rhc1 Rfb8 23. Bf3 Kg7 24. Ng3 a5 25. Bd1 bxc4 26. bxc4 Qc7 27. Ne2 Rb4 28. Bc2 Rb2 29. Rcb1 Nd4 30. Nxd4 exd4 31. Rxb2 Rxb2 32. Qc1 Qb8 33. Rb1 d5 34. Rxb2 Qh2+ 35. Ke1 Qg1+ 36. Kd2 Qf2+ 37. Kd1 Qf1+ 38. Kd2 Qf4+ 0-1

[Event "Tomsk mix"]
[Site "Tomsk"]
[Date "2006.??.??"]
[Round "?"]
[White "Kirillov, Andrey"]
[Black "Nikolaeva, Alexandra G"]
[Result "0-1"]
[WhiteElo "2370"]
[BlackElo "2055"]
[PlyCount "71"]
[EventDate "2006.??.??"]
[EventType "tourn"]
[EventRounds "9"]
[EventCountry "RUS"]
[SourceTitle "EXT 2008"]
[Source "ChessBase"]
[SourceDate "2007.11.25"]
[SourceVersion "1"]
[SourceVersionDate "2007.11.25"]
[SourceQuality "1"]

1. d4 d5 2. c4 dxc4 3. Nf3 Nf6 4. Nc3 c6 5. a4 Nd5 6. e3 Nxc3 7. bxc3 b5 8. Ne5 Qd5 9. axb5 cxb5 10. Ra5 Qb7 11. Rxb5 Qxb5 12. Bxc4 Qb7 13. Qa4+ Bd7 14. Bxf7+ Kd8 15. Qa5+ Qc7 16. Qd5 Nc6 17. Bh5 e6 18. Nf7+ Kc8 19. Qe4 Rg8 20. Qxh7 Ne7 21. 0-0 g6 22. Be2 Bc6 23. Ba3 Rg7 24. Qh3 Nf5 25. Ba6+ Bb7 26. Bxb7+ Qxb7 27. Bxf8 Rxf7 28. Bc5 Kd7 29. Qg4 Rh8 30. e4 Rh4 31. Qd1 Rxe4 32. Qa4+ Kd8 33. Qa2 Rg4 34. f3 Ne3 35. Rf2 Rxf3 36. h3 0-1

[Event "Tomsk mix"]
[Site "Tomsk"]
[Date "2006.??.??"]
[Round "?"]
[White "Nikolaeva, Alexandra G"]
[Black "Dokhlenko, Vladimir"]
[Result "1-0"]
[WhiteElo "2055"]
[BlackElo "2060"]
[PlyCount "71"]
[EventDate "2006.??.??"]
[EventType "tourn"]
[EventRounds "9"]
[EventCountry "RUS"]
[SourceTitle "EXT 2008"]
[Source "ChessBase"]
[SourceDate "2007.11.25"]
[SourceVersion "1"]
[SourceVersionDate "2007.11.25"]
[SourceQuality "1"]

1. e4 e6 2. d4 d5 3. e5 c5 4. c3 Qb6 5. Nf3 Bd7 6. Be2 Bb5 7. c4 Bxc4 8. Bxc4 dxc4 9. d5 Nd7 10. 0-0 Ne7 11. Nc3 exd5 12. Nxd5 Nxd5 13. Qxd5 Be7 14. Bg5 Qc6 15. Qxc4 Bxg5 16. Nxg5 0-0 17. Rfe1 Nb6 18. Qd3 Qg6 19. Qxg6 hxg6 20. Rac1 Rac8 21. e6 fxe6 22. Rxe6 Rf6 23. Re7 Rf5 24. Ne4 Rc6 25. Rxb7 a5 26. h4 Rd5 27. Ng5 Rd8 28. Re1 Nd5 29. Ra7 Rb6 30. Rd1 Rbb8 31. Rxa5 Nf4 32. Rxd8+ Rxd8 33. Rxc5 Rd1+ 34. Kh2 Kf8 35. Rc8+ Ke7 36. Rc7+ 1-0

[Event "Tomsk mix"]
[Site "Tomsk"]
[Date "2006.??.??"]
[Round "?"]
[White "Nikolaeva, Alexandra G"]
[Black "Kashlinskaya, Alina"]
[Result "1-0"]
[WhiteElo "2055"]
[BlackElo "2080"]
[PlyCount "93"]
[EventDate "2006.??.??"]
[EventType "tourn"]
[EventRounds "9"]
[EventCountry "RUS"]
[SourceTitle "EXT 2008"]
[Source "ChessBase"]
[SourceDate "2007.11.25"]
[SourceVersion "1"]
[SourceVersionDate "2007.11.25"]
[SourceQuality "1"]

1. e4 c5 2. Nc3 Nc6 3. g3 g6 4. Bg2 Bg7 5. d3 e6 6. Be3 d6 7. Qd2 Rb8 8. Nf3 b5 9. d4 b4 10. Ne2 Nf6 11. Nh4 cxd4 12. Nxd4 Ne5 13. Qe2 Nfg4 14. Nhf3 Nxe3 15. Qxe3 Ng4 16. Qd3 Qb6 17. Bf1 Ba6 18. Qxa6 Bxd4 19. Nxd4 Qxd4 20. Bb5+ Kf8 21. 0-0 Qxe4 22. Qxd6+ Kg7 23. Bd3 Qb7 24. Qf4 f5 25. h3 e5 26. Qd2 Nf6 27. Qe2 e4 28. Bc4 h5 29. h4 Ng4 30. Rad1 Ne5 31. Bd5 Qb6 32. Kg2 Nf3 33. Bxe4 fxe4 34. Rd7+ Kh6 35. Qxe4 Rbf8 36. Rd3 Nh2 37. Kxh2 Rxf2+ 38. Rxf2 Qxf2+ 39. Qg2 Rf8 40. Rd2 Qf7 41. Qe2 Qxa2 42. Qe3+ Kh7 43. b3 Qb2 44. Rd7+ Kg8 45. Qe6+ Kh8 46. Qxg6 Rf2+ 47. Kh3 1-0

[Event "Tomsk mix"]
[Site "Tomsk"]
[Date "2006.??.??"]
[Round "?"]
[White "Nikolaeva, Alexandra G"]
[Black "Usatov, Vladimir"]
[Result "0-1"]
[WhiteElo "2055"]
[BlackElo "2195"]
[PlyCount "143"]
[EventDate "2006.??.??"]
[EventType "tourn"]
[EventRounds "9"]
[EventCountry "RUS"]
[SourceTitle "EXT 2008"]
[Source "ChessBase"]
[SourceDate "2007.11.25"]
[SourceVersion "1"]
[SourceVersionDate "2007.11.25"]
[SourceQuality "1"]

1. e4 c5 2. Nc3 Nc6 3. g3 g6 4. Bg2 Bg7 5. d3 d6 6. Be3 e5 7. Qd2 Be6 8. f4 Qd7 9. h3 Nd4 10. Nd1 Qa4 11. Bxd4 cxd4 12. Nf3 Bh6 13. Ng5 Bxg5 14. fxg5 0-0-0 15. c4 h6 16. b3 Qd7 17. Nf2 hxg5 18. Qxg5 f6 19. Qd2 Qc7 20. 0-0-0 b5 21. Kb1 bxc4 22. h4 Kb7 23. Rc1 Ne7 24. dxc4 Qb6 25. Nd3 Rc8 26. Ka1 a5 27. Bh3 f5 28. c5 dxc5 29. Nxe5 fxe4 30. Nc4 Bxc4 31. Bxc8+ Rxc8 32. bxc4 e3 33. Qc2 Qc6 34. Rhf1 Kc7 35. g4 Qe6 36. Rb1 Nc6 37. Qb2 Nb4 38. a3 Ra8 39. Qh2+ Kd7 40. Qg2 Ra7 41. Rbc1 d3 42. axb4 axb4+ 43. Kb1 e2 44. Qf3 exf1Q 45. Rxf1 d2 46. Rd1 Qd6 47. Qf7+ Kc6 48. Qe8+ Kb6 49. Qb5+ Kc7 50. Rxd2 Qxd2 51. Qxc5+ Kb8 52. Qf8+ Kb7 53. Qe7+ Ka6 54. Qf6+ Ka5 55. Qa1+ Kb6 56. Qf6+ Kc5 57. Qe5+ Kxc4 58. Qe4+ Qd4 59. Qc6+ Qc5 60. Qe4+ Kb5 61. Qe8+ Qc6 62. Qe5+ Kb6 63. Qd4+ Kb7 64. Qg7+ Kb8 65. Qf8+ Qc8 66. Qd6+ Rc7 67. h5 gxh5 68. gxh5 Qf5+ 69. Ka1 Qf1+ 70. Ka2 Qc4+ 71. Ka1 Qc5 72. Qg3 0-1

[Event "Tomsk mix"]
[Site "Tomsk"]
[Date "2006.??.??"]
[Round "?"]
[White "Timofeeva, Ekaterina"]
[Black "Nikolaeva, Alexandra G"]
[Result "1-0"]
[WhiteElo "2245"]
[BlackElo "2055"]
[PlyCount "65"]
[EventDate "2006.??.??"]
[EventType "tourn"]
[EventRounds "9"]
[EventCountry "RUS"]
[SourceTitle "EXT 2008"]
[Source "ChessBase"]
[SourceDate "2007.11.25"]
[SourceVersion "1"]
[SourceVersionDate "2007.11.25"]
[SourceQuality "1"]

1. Nf3 d5 2. g3 g6 3. Bg2 Bg7 4. 0-0 e5 5. d3 Ne7 6. c4 c6 7. Nbd2 h6 8. Rb1 0-0 9. b4 b5 10. Bb2 Qd6 11. Qc2 Bb7 12. Nb3 Nd7 13. Nc5 Nxc5 14. bxc5 Qc7 15. Ba1 bxc4 16. Bxe5 Bxe5 17. Nxe5 Ba6 18. d4 Nf5 19. e3 Rfe8 20. h4 h5 21. Bh3 Bc8 22. Kh2 Kg7 23. Qa4 Bb7 24. Rb4 f6 25. Rfb1 Rab8 26. Qxa7 Re7 27. Nxc6 Qxc6 28. Qxb8 Bc8 29. Rb6 Qe8 30. c6 c3 31. Rc1 Rxe3 32. Bxf5 Re2 33. Qxc8 1-0